• 首页
  • 本馆介绍
  • 公告通知
  • 最新文献
  • 馆藏检索
  • 电子资源
  • 读者导购
  • 参考咨询
  • 我的图书馆
  • 登录
  • 详细信息显示
  • 放入我的书架
  • 预约/预借图书
  • 作者相关作品
  • 分类相关作品
  • 丛书相关作品
  • 出版社相关作品

书目信息

  • 表格格式
  • 工作单格式
  • 卡片格式
题名:
裤装精品
    
 
作者: 周平 张婵娟 绘图
分册:  
出版信息:   浙江科学技术出版社  1995. 4
页数: 68页
开本: 16开
丛书名:
单 册:
中图分类: TS941.6
科图分类:
主题词: 服装工业
电子资源:
ISBN: 7-5341-0822-5
000 00550nam0 2200193 45
001 0308271057
005 20030827105707.5
010    @a7-5341-0822-5@dRMB17.00
100    @a20030827d1995 km y0chiy0120 ea
101    @achi
105    @a z 000yy
200 1  @a裤装精品@Aku zhuang jing pin@f周平 张婵娟绘图@Fzhou ping zhang chan juan hui tu
210    @c浙江科学技术出版社@d1995. 4
215    @a68页@c无图表@d16开
606 0  @a服装工业
690    @aTS941.6@v3
701  0 @a周平 张婵娟@4绘图
801    @aCN@b@c20030827
905    @aBZT@dTS941.6@e112
    
    裤装精品/周平 张婵娟绘图.-浙江科学技术出版社,1995. 4
    68页:无图表;16开
    
    
    ISBN 7-5341-0822-5:RMB17.00
    
●
相关链接 在五车中查询图书 在当当中查询图书 在豆瓣中查询图书


正题名:裤装精品     索取号:TS941.6/112         预约/预借

序号 登录号 条形码 馆藏地/架位号 状态 备注
1 103127   200506648   中心书库中库/ 中库024架B面3列4层29/ [索取号:TS941.6/112] 在馆    
2 103128   200506657   中心书库中库/ 中库024架B面3列4层30/ [索取号:TS941.6/112] 在馆    
山东省滨州职业学院图书馆 欢迎您!
大连网信软件有限公司© 版权所有